Central Library OPAC University of Rajshahi

The neoplatonism of William Blake / (Record no. 20747)

MARC details
000 -LEADER
fixed length control field 00662nam a2200217ra 4500
001 - CONTROL NUMBER
control field 20747
003 - CONTROL NUMBER IDENTIFIER
rucl marc code BD-RjUL
005 - DATE AND TIME OF LATEST TRANSACTION
control field 20211209000614.0
008 - FIXED-LENGTH DATA ELEMENTS--GENERAL INFORMATION
fixed length control field 140302s1961 ncuc 00111 eng d
035 ## - SYSTEM CONTROL NUMBER
System control number (BD-RjUL)20809
040 ## - CATALOGING SOURCE
Original cataloging agency BD-RjUL
Language of cataloging eng
Transcribing agency BD-RjUL
Modifying agency BD-RjUL
041 ## - LANGUAGE CODE
Language code of text/sound track or separate title eng
082 ## - DEWEY DECIMAL CLASSIFICATION NUMBER
Classification number 821.6
Author mark and year HAN 1961
100 10 - MAIN ENTRY--PERSONAL NAME
Personal name Harper, George Mills.
9 (RLIN) 64055
245 14 - TITLE STATEMENT
Title The neoplatonism of William Blake /
Statement of responsibility, etc. George Mills Harper.
260 0# - PUBLICATION, DISTRIBUTION, ETC. (IMPRINT)
Place of publication, distribution, etc. Chapel Hill, N.C. :
Name of publisher, distributor, etc. University of North Carolina Press,
Date of publication, distribution, etc. c1961.
300 ## - PHYSICAL DESCRIPTION
Pagination xvi, 324 p. :
Illustrations port.
Size 23 cm.
600 10 - SUBJECT ADDED ENTRY--PERSONAL NAME
Personal name Blake, William,
Dates associated with a name 1757-1827.
650 #0 - SUBJECT ADDED ENTRY--TOPICAL TERM
Topical term or geographic name as entry element Neoplatonism.
9 (RLIN) 64057
942 ## - ADDED ENTRY ELEMENTS (KOHA)
Source of classification or shelving scheme Dewey Decimal Classification
Koha item type Books
Holdings
Lost status Source of classification or shelving scheme Damaged status Not for loan Collection code Permanent Location Current Location Shelving location Date acquired Source of acquisition Total Checkouts Full call number Date last seen Copy number Koha item type
  Dewey Decimal Classification   Added to bundle Fiction Central Library, University of Rajshahi Central Library, University of Rajshahi Reading Room 10/01/1970 ZEIT   821.6 HAN 1961 02/03/2014 C-1 Books